00426nam a2200169Ia 450000100060000000800410000602000150004704000130006208200200007510000210009524500560011626000330017230000110020550000140021654600070023065000190023748775140430s9999 xx 000 0 und d a0333724275 cPK-LaUMT a 346.013bDRA-U aDrake, Robert F. aUnderstanding disability policiescDrake, Robert F. aLondon,UK:bMacmillan,c1999 a244 p. aPhotocopy aEN aDisability law